Responses for Show #2688 - Wednesday, April 17, 1996

Contestants

[<< previous game]

Tim Toburen, a technical director from Jacksonville, Florida

Jonathan Lowe, an insurance broker from New York City, New York

Barbara Andrae, a travel consultant from Naperville, Illinois (whose 1-day cash winnings total $11,401)

[next game >>]

Jeopardy! Round responses

NATURE
WORLD GEOGRAPHY
5-LETTER WORDS
1986
NEWSPAPERS
MOTHER GOOSE
    $100 1
the groundhog

Jonathan
    $100 6
Antarctica

Barbara
    $100 11
a penny

Tim
    $100 26
York

Barbara
    $100 21
the Times

Jonathan
    $100 16
Old King Cole

Jonathan
    $200 2
coconut

Barbara
    $200 7
(Barbara: What is Edmonton?)
...
(Alex: [*]'s in the south, Edmonton's in the north.)

Calgary

BarbaraTim
    $200 13
right

Tim
    $200 27
Jimmy Carter

Barbara
    $200 22
the (Boston) Globe

Barbara
    $200 17
Peter, Peter, Pumpkin Eater

Barbara
    $300 3
pumice

Tim
    $300 8
(Tim: What is the Gulf of Cortes?)

the Sea of Cortes (or Gulf of California)

BarbaraTim
    $300 12
a combo

Jonathan
    $300 28
Chernobyl

Barbara
    $300 23
Augusta, (Maine)

Jonathan
    $300 18
(Tim: He was asleep in the corn.)
...
(Alex: But Tim, remember you have to phrase it in the form of a question also. You didn't do that. You were giving us a dissertation.)

asleep in the hay (under the haystack)

BarbaraTim
    $400 4
a vole

Barbara
    $400 9
the Malay Peninsula

Barbara
    $400 14
brace

Triple Stumper
    $400 29
L. Ron Hubbard

Barbara
    $400 24
Woodward & Bernstein

Barbara
    $400 19
(Barbara: Who is...)

(Little) Jack Horner

BarbaraJonathan
    $500 5
newt

Barbara
    $1,000 10
The British Virgin Islands

Barbara
    $500 15
skeet

Barbara
    $500 30
Sade

Barbara
    $500 25
Halifax

Barbara
    $500 20
Sunday

Tim

Scores at the first commercial break (after clue 15):

Barbara Jonathan Tim
$3,200 $400 $500

Scores at the end of the Jeopardy! Round:

Barbara Jonathan Tim
$5,900 $1,300 $700

Double Jeopardy! Round responses

ATTILA THE HUN
LAKES & RIVERS
THE MOVIES
BUSINESS & INDUSTRY
IDEAS & BELIEFS
LITERARY WOMEN
    $200 7
St. Peter's

Tim
    $200 4
The Philippines

Barbara
    $200 8
(Edward G.) Robinson

Jonathan
    $200 21
United Parcel Service

Barbara
    $200 16
immortality

Tim
    $200 26
(Louisa May) Alcott

Jonathan
    $400 6
gold

Tim
    $400 5
the Blue & the White

Jonathan
    $400 9
Close Encounters of the Third Kind

Barbara
    $400 22
chickens

Barbara
    $400 17
chivalry

Tim
    $400 27
(Jackie) Collins

Jonathan
    $600 3
Sofia

Barbara
    $600 13
Lake Champlain

Tim
    $600 10
One Flew Over the Cuckoo's Nest

Barbara
    $600 23
Maytag

Barbara
    $600 18
the Stoic belief

Tim
    $600 28
(Danielle) Steel

Barbara
    $800 2
Milan

Jonathan
    $800 14
the Arno

Tim
    $800 11
Treasure of the Sierra Madre

Jonathan
    $800 24
Michelin

Tim
    $800 19
hermetic seal

Jonathan
    $800 29
(Edna) Ferber

Jonathan
    $1,000 1
the Scourge of God

Tim
    $1000 15
Maracaibo

Jonathan
    $1000 12
Birdman of Alcatraz

Barbara
    $2,500 25
Zenith

Tim
    $1000 20
transubstantiation

Tim
    $1000 30
(Jane) Smiley

Jonathan

Scores at the end of the Double Jeopardy! Round:

Barbara Jonathan Tim
$10,500 $7,700 $9,200

[wagering suggestions for these scores]

Final Jeopardy! Round responses

OPERA COMPOSERS
(Alex: The opera, the unfinished opera, was Turandot.)
JonathanWho was Puccini?
$0
TimWho was Puccini?
$9,198
BarbaraWho was Verdi?
$7,901
Giacomo Puccini

Final scores:

Barbara Jonathan Tim
$2,599 $7,700 $18,398
3rd place: Swintec fax machine 2nd place: Curtis Mathes 35" home theater monitor + O'Sullivan home theater New champion: $18,398

Game dynamics:

Coryat scores:

Barbara Jonathan Tim
$10,000 $7,700 $7,700
27 R
(including 1 DD),
2 W
16 R,
0 W
16 R
(including 2 DDs),
2 W

Combined Coryat: $25,400

[game clues] [game scores] [suggest correction]

Game tape date: Unknown
The J! Archive is created by fans, for fans. Scraping, republication, monetization, and malicious use prohibited; this site may use cookies and collect identifying information. See terms. The Jeopardy! game show and all elements thereof, including but not limited to copyright and trademark thereto, are the property of Jeopardy Productions, Inc. and are protected under law. This website is not affiliated with, sponsored by, or operated by Jeopardy Productions, Inc. Join the discussion at JBoard.tv.